000 00511nam a22002177a 4500
003 UA-OsUOA
001 50251
007 ta
008 20071108b un ||||| |||| 00| 0 ukr d
090 _a130.2
_bД13
942 _cBK
040 _aUA-OsUOA
_bukr
_cUA-OsUOA
_dUA-OsUOA
245 _aДавньруське любомудріє
300 _a398 с.
955 _a1
041 _aukr
080 _a130.2
260 _aК.
_c2006
650 7 _a1 Філософські науки
_2UDC
999 _c336363
_d336363